[Event "Jam Bushehr Sepehrmanesh Memorial"]
[Site "Jam Bushehr"]
[Date "2018.04.12"]
[Round "3.10"]
[White "Baramaki, Sonia"]
[Black "Yaghoobi, Pooya"]
[Result "0-1"]
[WhiteElo "1078"]
[BlackElo "1309"]
[PlyCount "89"]
[EventDate "2018.04.12"]
[EventType "swiss"]
[EventRounds "9"]
[EventCountry "IRI"]
[SourceTitle "EXT 2024"]
[Source "ChessBase"]
[SourceDate "2023.10.10"]
[SourceVersion "1"]
[SourceVersionDate "2023.10.10"]
[SourceQuality "1"]

1. d4 Nf6 2. Bf4 g6 3. e3 Bg7 4. Nf3 d6 5. h3 0-0 6. Bh2 Nbd7 7. Be2 c5 8. c3 b6 9. Nbd2 Bb7 10. 0-0 Qc7 11. Bd3 e5 12. Bc2 Rfe8 13. a4 a5 14. Nc4 Ba6 15. Nfd2 d5 16. dxe5 Nxe5 17. Nxe5 Bxf1 18. Qxf1 Rxe5 19. Nf3 Nd7 20. Rd1 Qb7 21. Nxe5 Nxe5 22. Qe2 Rd8 23. Bb3 c4 24. Bc2 b5 25. e4 bxa4 26. Bxe5 Bxe5 27. Bxa4 Rd6 28. exd5 Rxd5 29. Rc1 Bf4 30. Rb1 Rd3 31. g3 Bxg3 32. Qe8+ Kg7 33. Bc6 Qb6 34. Rf1 Rd1 35. Qe3 Bh2+ 36. Kg2 Qxc6+ 37. f3 Rxf1 38. Kxf1 Qe6 39. Qd4+ Be5 40. Qh4 Qf6 41. Qf2 Qf5 42. Kg2 Qg5+ 43. Kf1 Qg3 44. Qxg3 Bxg3 45. Ke2 0-1

[Event "Jam Bushehr Sepehrmanesh Memorial"]
[Site "Jam Bushehr"]
[Date "2018.04.11"]
[Round "1.2"]
[White "Mohammedian, Esmaeel"]
[Black "Yaghoobi, Pooya"]
[Result "1-0"]
[WhiteElo "1940"]
[BlackElo "1309"]
[PlyCount "79"]
[EventDate "2018.04.12"]
[EventType "swiss"]
[EventRounds "9"]
[EventCountry "IRI"]
[SourceTitle "EXT 2024"]
[Source "ChessBase"]
[SourceDate "2023.10.10"]
[SourceVersion "1"]
[SourceVersionDate "2023.10.10"]
[SourceQuality "1"]

1. d4 Nf6 2. c4 g6 3. f3 Bg7 4. e4 d6 5. Nc3 Nbd7 6. Be3 0-0 7. Nh3 c5 8. d5 Nb6 9. Nf2 e6 10. Qd2 exd5 11. cxd5 Nfd7 12. Bh6 Ne5 13. h4 Nbc4 14. Qc1 Bxh6 15. Qxh6 Nxb2 16. Qc1 Nec4 17. Rb1 a6 18. h5 b5 19. hxg6 fxg6 20. Rxb2 Nxb2 21. Qxb2 Qf6 22. Qc1 Qf4 23. Qxf4 Rxf4 24. Kd2 Bd7 25. Ke3 Rff8 26. g3 b4 27. Nb1 Bb5 28. Nd2 Rfc8 29. Nc4 Bxc4 30. Bxc4 a5 31. a4 Rab8 32. Rb1 Rb6 33. Kd3 Kf7 34. f4 Re8 35. Bb5 Re7 36. Kc4 Kg7 37. Re1 Rb8 38. e5 dxe5 39. fxe5 Rc8 40. d6 1-0